000 00788cam a2200265 4500500
005 20260329005146.0
041 _afre
042 _adc
100 1 0 _aLacroix, Alexandre
_eauthor
245 0 0 _aSusan Neiman : “Face au mal, la majorité des gens préfère regarder ailleurs”
260 _c2022.
500 _a86
690 _aAllemagne
690 _aAuschwitz
690 _aEichmann
690 _aFriedrich Nietzsche
690 _aJean-Jacques Rousseau
690 _aLeibniz
690 _aMal
690 _aPassé
690 _aRaison
690 _aSusan Neiman
786 0 _nPhilosophie magazine | 163 | 10 | 2022-10-01 | p. 38-41 | 1951-1787
856 4 1 _uhttps://shs.cairn.info/magazine-philosophie-magazine-2022-10-page-38?lang=fr&redirect-ssocas=7080
999 _c1840834
_d1840834